| 000 | 00597nam a2200205Ia 4500 | ||
|---|---|---|---|
| 003 | 0100 | ||
| 008 | 130303s9999 xx 000 0 und d | ||
| 040 | _cARRUPELIB | ||
| 050 | _aHF5387.V57 1992 | ||
| 245 | 2 | _aA virtuous life in business | |
| 245 | _bstories of courage and intergrity in the corporate world | ||
| 260 | _aLanham | ||
| 260 | _bRowman Littlefield | ||
| 260 | _C1992 | ||
| 300 | _axvii | ||
| 300 | _b 185 p. 24 cm | ||
| 650 | _bPaston family -- Correspondence | ||
| 700 | _aedited by Oliver F. Williams and John W. Houck , Williams, Oliver F.Houck, John W | ||
| 942 | 0 | 0 | _01 |
| 999 |
_c9640 _d9640 |
||